| 000 | 00743nam a2200241Ia 4500 | ||
|---|---|---|---|
| 008 | 191130s2005##################000#0#eng## | ||
| 020 | _a9780736037525 | ||
| 022 | _a2005005755 | ||
| 040 |
_aACL _cACL |
||
| 082 | _a796.01 MOR | ||
| 100 | _aMorris, Tony | ||
| 245 |
_aImagery in sport _cTony Morris, Michael Spittle, Anthony P. Watt |
||
| 260 |
_aChampaign, IL _bHuman Kinetics _cc2005 |
||
| 300 | _axii, 387 p. : ill. ; 24 cm | ||
| 500 | _aIncludes bibliographical references (p. 335-375) and index | ||
| 650 | _aImagery (Psychology) | ||
| 650 | _aSports - Psychological aspects | ||
| 700 | _aSpittle, Michael | ||
| 700 | _aWatt, Anthony P | ||
| 990 | _a9177a8d4ac10000c05afaa3fb3747e8a | ||
| 991 | _a330300 | ||
| 999 |
_c211602 _d211602 |
||